Largest U.S. Cities Not Within Counties - Statistics

General Stats
  • This quiz has been taken 33 times
  • The average score is 22 of 30
Answers on the Map
Answers color-coded by a green-red scale on the quiz's map according to % correct below.
 
Answer Stats
State Population City % Correct
AK 289,600 Anchorage
100%
MO 279,695 St. Louis
100%
MD 568,271 Baltimore
97%
LA 362,701 New Orleans
97%
VA 233,655 Richmond
97%
LA 220,907 Baton Rouge
94%
CT 122,129 Hartford
94%
702,250 Washington
94%
VA 231,105 Norfolk
91%
VA 454,808 Virginia Beach
91%
CT 137,562 New Haven
88%
CT 151,599 Bridgeport
84%
VA 254,997 Chesapeake
84%
LA 176,578 Shreveport
84%
VA 183,056 Newport News
81%
LA 122,280 Lafayette
75%
CT 139,134 Stamford
75%
VA 159,102 Alexandria
72%
LA 81,157 Lake Charles
72%
VA 97,912 Roanoke
72%
VA 103,105 Suffolk
69%
VA 137,596 Hampton
66%
CT 88,692 Danbury
59%
VA 80,301 Lynchburg
59%
CT 115,908 Waterbury
56%
VA 96,482 Portsmouth
44%
CT 93,661 Norwalk
41%
CT 75,871 New Britain
38%
LA 64,650 Kenner
28%
CT 65,300 Fairfield
16%
No matching quizzes found
Score Distribution
Percent of People with Each Score
Percentile by Number Answered
Your Score History
You have not taken this quiz